Psicología evolutiva 14 años
Saved in:
| Main Authors: | , |
|---|---|
| Format: | Bog |
| Sprog: | spansk |
| Udgivet: |
Barcelona
CEAC
1981
|
| Serier: | Biblioteca de psicología evolutiva
|
| Fag: | |
| Tags: |
Tilføj Tag
Ingen Tags, Vær først til at tagge denne postø!
|
MARC
| LEADER | 00000nam a2200000 a 4500 | ||
|---|---|---|---|
| 001 | UCY6211 | ||
| 003 | CL-VaPUC | ||
| 008 | 950521e19810000SP |||||||||||||||||spa|d | ||
| 082 | 0 | 4 | |a 155.7 |b SEC |2 21 |
| 100 | 0 | |a Secadas Marcos, Francisco |e author |9 336036 | |
| 700 | 0 | |a Serrano Martín, Gonzalo |e author |9 336037 | |
| 245 | 1 | 0 | |a Psicología evolutiva 14 años |
| 300 | |a 175 p | ||
| 942 | |c BK | ||
| 945 | |d 19950521 00:00:00 |a cmena | ||
| 260 | |a Barcelona |b CEAC |c 1981 | ||
| 650 | 0 | |a Psicología |9 257863 | |
| 650 | 0 | |a Juventud |9 271073 | |
| 650 | 0 | |a Psicología del adolescente |9 307864 | |
| 650 | 0 | |a Comportamiento |9 308406 | |
| 650 | 7 | |a DESARROLLO FISIOLOGICO |2 CL-VaPUC |9 312423 | |
| 650 | 0 | |a Ego |9 310449 | |
| 650 | 0 | |a Interacción social |9 307764 | |
| 650 | 0 | |a Sexo |9 257818 | |
| 650 | 0 | |a Desarrollo mental |9 313003 | |
| 650 | 0 | |a Emociones |9 265224 | |
| 650 | 7 | |a PSICOLOGIA AFECTIVA |2 CL-VaPUC |9 336038 | |
| 650 | 0 | |a Ética |9 255099 | |
| 650 | 7 | |a DESARROLLO MORAL |2 CL-VaPUC |9 310605 | |
| 650 | 0 | |a Actividades juveniles |9 373327 | |
| 583 | |a last modification |c 19950521 00:00:00 |k Rodrigo Vera | ||
| 490 | 0 | |a Biblioteca de psicología evolutiva | |
| 999 | |c 233791 |d 233789 | ||
| 952 | |0 0 |1 0 |4 0 |6 155_700000000000000_SEC_1981 |7 0 |8 P |9 239538 |a BIBEDU |b BIBEDU |d 2019-11-18 |i 1507893 |o 155.7 SEC 1981 |p 1507893 |r 2024-01-25 |w 2019-11-18 |y BK |k EDU | ||
| 952 | |0 0 |1 0 |4 0 |6 155_700000000000000_SEC_1981 |7 0 |8 P |9 239539 |a BIBEDU |b BIBEDU |d 2019-11-18 |i 1507818 |o 155.7 SEC 1981 |p 1507818 |r 2024-01-25 |w 2019-11-18 |y BK |k EDU | ||